[Event "e2e4 ch-IRL"]
[Site "Dublin IRL"]
[Date "2011.07.09"]
[Round "8"]
[White "Freeman, Gordon"]
[Black "McMahon, Daire"]
[Result "0-1"]
[WhiteElo "2179"]
[BlackElo "2196"]
[Plycount "100"]
[WhiteFideId "2501309"]
[BlackFideId "2500477"]
[EventDate "2011.07.02"]
[Source "TWIC 870"]

1. d4 Nf6 2. c4 e6 3. g3 d5 4. Nf3 c5 5. cxd5 Nxd5 6. Bg2 Nc6 7. O-O Be7 8. Nc3
O-O 9. Nxd5 exd5 10. dxc5 Bxc5 11. b3 Be6 12. Bb2 Qb6 13. Rc1 Rac8 14. Qd2 f6
15. e3 Rfd8 16. Rfd1 Bg4 17. h3 Bh5 18. g4 Bf7 19. Qe2 h6 20. Qc2 Ne7 21. Qe2
Nc6 22. Qe1 Rc7 23. Nd4 Nxd4 24. Bxd4 Rdc8 25. Bxc5 Rxc5 26. Qd2 a5 27. Rxc5
Qxc5 28. Qd4 Qxd4 29. Rxd4 Rc1+ 30. Kh2 Rc2 31. Ra4 b6 32. Kg3 Kf8 33. h4 Ke7
34. g5 hxg5 35. hxg5 fxg5 36. e4 Rd2 37. exd5 Kd6 38. Rg4 Rxa2 39. Rxg5 Rb2 40.
Rxg7 Rxb3+ 41. Kg4 Bxd5 42. Rg6+ Be6+ 43. Kh5 Ke7 44. Rg7+ Kf6 45. Rg6+ Kf5 46.
Kh6 Bc4 47. f3 b5 48. Rg5+ Kf4 49. Rg4+ Ke5 50. Re4+ Kd6 0-1

[Event "e2e4 ch-IRL"]
[Site "Dublin IRL"]
[Date "2011.07.09"]
[Round "8"]
[White "Moran, Stephen"]
[Black "Short, Philip"]
[Result "1/2-1/2"]
[BlackTitle "FM"]
[WhiteElo "1983"]
[BlackElo "2293"]
[Plycount "42"]
[WhiteFideId "2501872"]
[BlackFideId "2500086"]
[EventDate "2011.07.02"]
[Source "TWIC 870"]

1. e4 e6 2. d4 d5 3. Nc3 Bb4 4. e5 c5 5. Bd2 Ne7 6. Nb5 Bxd2+ 7. Qxd2 O-O 8. f4
cxd4 9. Nf3 Nbc6 10. Nbxd4 Nxd4 11. Nxd4 Nc6 12. O-O-O Bd7 13. h4 Rc8 14. h5 a6
15. Rh3 Qe7 16. Kb1 Nxd4 17. Qxd4 Rc5 18. Rc3 Rxc3 19. Qxc3 Rc8 20. Qd4 Rc5 21.
g3 Rc8 1/2-1/2

[Event "e2e4 ch-IRL"]
[Site "Dublin IRL"]
[Date "2011.07.09"]
[Round "8"]
[White "McCabe, Darren"]
[Black "Jones, Iolo C"]
[Result "0-1"]
[BlackTitle "CM"]
[WhiteElo "2024"]
[BlackElo "2286"]
[Plycount "52"]
[WhiteFideId "2500760"]
[BlackFideId "1800094"]
[EventDate "2011.07.02"]
[Source "TWIC 870"]

1. e4 e5 2. d4 exd4 3. Qxd4 Nc6 4. Qe3 Be7 5. Nc3 Nf6 6. Bc4 O-O 7. Bd2 Ng4 8.
Qg3 Nge5 9. Be2 d6 10. O-O-O Bh4 11. Qe3 Ng4 12. Bxg4 Bxg4 13. f3 Be6 14. f4 Re8
15. Nf3 Bf6 16. Qf2 Qc8 17. f5 Bc4 18. b3 Ba6 19. Nd5 Rxe4 20. Nxf6+ gxf6 21.
Qg3+ Kh8 22. Bh6 Qg8 23. Ng5 fxg5 24. Bxg5 h6 25. h4 Qg7 26. f6 Qg6 0-1

[Event "e2e4 ch-IRL"]
[Site "Dublin IRL"]
[Date "2011.07.09"]
[Round "8"]
[White "Murray, David"]
[Black "Cafolla, Peter"]
[Result "1/2-1/2"]
[WhiteElo "2096"]
[BlackElo "2053"]
[Plycount "130"]
[WhiteFideId "2501511"]
[BlackFideId "2500884"]
[EventDate "2011.07.02"]
[Source "TWIC 870"]

1. e4 c5 2. Nf3 Nc6 3. d4 cxd4 4. Nxd4 Nf6 5. Nc3 e5 6. Nf5 d5 7. exd5 Bxf5 8.
dxc6 bxc6 9. Qf3 Qd7 10. Bc4 Be7 11. Qe2 Qc7 12. O-O O-O 13. Bd3 Bg4 14. f3 Bh5
15. Kh1 Nd5 16. Qe4 f5 17. Qc4 Qd6 18. Bxf5 Rxf5 19. g4 Bf7 20. gxf5 Ne3 21. Qe2
Nxf1 22. Qxf1 Qb4 23. Qe2 Re8 24. Qe4 Bh5 25. Qxc6 Qh4 26. Kg2 Bg5 27. Qe4 Bf4
28. Bxf4 exf4 29. Qd5+ Bf7 30. Qb5 a6 31. Qf1 Re3 32. Rd1 Bh5 33. Qc4+ Kf8 34.
Qc8+ Re8 35. Qc5+ Kg8 36. Qd5+ Bf7 37. Qd3 g6 38. f6 Qxf6 39. b3 Qh4 40. Ne4 Be6
41. Kh1 Bf5 42. Qc4+ Kg7 43. Qc3+ Kh6 44. Qe1 Qh3 45. Qf1 Qxf1+ 46. Rxf1 Bxe4
47. fxe4 Kg5 48. Rg1+ Kf6 49. Re1 g5 50. Kg2 g4 51. c4 a5 52. c5 Rd8 53. Kf2 Ke5
54. Re2 h5 55. a3 Rd3 56. Rc2 Rxb3 57. c6 Rb8 58. Rc5+ Kd6 59. c7 Rc8 60. Rxa5
Rxc7 61. Rxh5 Rc2+ 62. Ke1 Ra2 63. Rf5 Rxh2 64. Rxf4 Ra2 65. Rxg4 Ke5 1/2-1/2

[Event "e2e4 ch-IRL"]
[Site "Dublin IRL"]
[Date "2011.07.09"]
[Round "8"]
[White "Fox, Anthony"]
[Black "Benson, Oisin P."]
[Result "1/2-1/2"]
[WhiteElo "2087"]
[BlackElo "2003"]
[Plycount "122"]
[WhiteFideId "2500736"]
[BlackFideId "2501821"]
[EventDate "2011.07.02"]
[Source "TWIC 870"]

1. e4 c5 2. Nc3 d6 3. f4 g6 4. Nf3 Bg7 5. Bb5+ Nc6 6. Bxc6+ bxc6 7. d3 Rb8 8.
O-O Nf6 9. Qe1 O-O 10. Rb1 d5 11. e5 Ne8 12. Na4 c4 13. Be3 Nc7 14. Nd4 Qe8 15.
Nc5 Nb5 16. a4 Nxd4 17. Bxd4 cxd3 18. cxd3 Bf5 19. b4 Rb6 20. Qc3 Qa8 21. Nb3
Rbb8 22. Bc5 Rfe8 23. Nd4 Bd7 24. Qe1 a5 25. bxa5 Rxb1 26. Qxb1 Qxa5 27. Qb4
Qxb4 28. Bxb4 g5 29. g3 gxf4 30. gxf4 Bh6 31. Kg2 c5 32. Bxc5 Bxa4 33. Nf5 Bf8
34. Kf3 Bd7 35. Rg1+ Kh8 36. Ne3 Bb5 37. e6 f6 38. d4 Ra8 39. Rb1 Bd3 40. Rb7
Be4+ 41. Kg3 Kg7 42. Bxe7 Bxe7 43. Rxe7+ Kg6 44. Rd7 Ra3 45. Kf2 Ra2+ 46. Ke1
Ra6 47. e7 Kf7 48. Nxd5 Ra1+ 49. Kf2 Ra2+ 50. Ke3 Bxd5 51. Rxd5 Rxh2 52. Rd7 Rh1
53. Ke2 Ke8 54. Rc7 Rh2+ 55. Kd3 Rh1 56. d5 Re1 57. d6 Rd1+ 58. Ke4 Rxd6 59. Kf5
h5 60. Ra7 Rc6 61. Rb7 Ra6 1/2-1/2

[Event "e2e4 ch-IRL"]
[Site "Dublin IRL"]
[Date "2011.07.09"]
[Round "8"]
[White "Janusaitis, Mindaugas"]
[Black "Keogh, Eamon"]
[Result "1-0"]
[WhiteElo "1968"]
[BlackElo "2015"]
[Plycount "137"]
[WhiteFideId "12802530"]
[BlackFideId "2500264"]
[EventDate "2011.07.02"]
[Source "TWIC 870"]

1. e4 e5 2. Nf3 Nc6 3. Bb5 a6 4. Ba4 d6 5. c3 Nf6 6. d3 b5 7. Bc2 Bg4 8. a4 b4
9. Nbd2 Be7 10. h3 Bh5 11. g4 Bg6 12. Nf1 d5 13. Ng3 dxe4 14. dxe4 Qxd1+ 15.
Kxd1 Bc5 16. Ke2 h5 17. g5 Nd7 18. h4 O-O-O 19. Rd1 Nb6 20. Bd3 Kb7 21. a5 Nd7
22. Bc4 Rhf8 23. Be3 Bd6 24. Bd5 f6 25. cxb4 Bxb4 26. Rd3 Bf7 27. Ra4 Bd6 28.
Bxf7 Rxf7 29. Nxh5 Rh8 30. g6 Re7 31. Ng3 Nf8 32. h5 Ne6 33. Nf5 Rxh5 34. Nxe7
Nxe7 35. Rb3+ Kc8 36. Rc4 Nf4+ 37. Kd2 f5 38. Rb6 fxe4 39. Rxd6 exf3 40. Rxa6
Nfd5 41. Ra8+ Kb7 42. Re8 Nf5 43. a6+ Kxa6 44. Rb8 Nb6 45. Rxc7 Nxe3 46. fxe3
Rh2+ 47. Kd3 Rxb2 48. Rxg7 Rb4 49. e4 Rb3+ 50. Kc2 Re3 51. Rf7 Re2+ 52. Kd3 Na4
53. Ra8+ Kb5 54. Rb7+ Kc6 55. g7 Nc5+ 56. Kc4 Rxe4+ 57. Kc3 Re3+ 58. Kb2 Re2+
59. Kc3 Re3+ 60. Kb4 Re4+ 61. Ka3 Re3+ 62. Ka2 Re2+ 63. Rb2 Rxb2+ 64. Kxb2 f2
65. Rf8 Nd3+ 66. Kc3 Nf4 67. Rf6+ Kc5 68. g8=Q f1=Q 69. Qc8+ 1-0

[Event "e2e4 ch-IRL"]
[Site "Dublin IRL"]
[Date "2011.07.09"]
[Round "8"]
[White "Doyle, Hugh"]
[Black "Twomey, Pat"]
[Result "1/2-1/2"]
[WhiteElo "1909"]
[BlackElo "1881"]
[Plycount "65"]
[WhiteFideId "2500876"]
[BlackFideId "2501937"]
[EventDate "2011.07.02"]
[Source "TWIC 870"]

1. c4 Nf6 2. g3 c5 3. Bg2 g6 4. Nc3 Bg7 5. Nf3 Nc6 6. d4 cxd4 7. Nxd4 Nxd4 8.
Qxd4 O-O 9. O-O d6 10. Qd3 Rb8 11. Be3 b6 12. Nb5 a6 13. Nd4 Bb7 14. Bxb7 Rxb7
15. Nc6 Qc8 16. Nb4 Rc7 17. Rac1 Qb7 18. Bd4 Rd7 19. Qf3 Ne4 20. Bxg7 Kxg7 21.
Nd5 f5 22. Qe3 b5 23. f3 Nf6 24. Nf4 Rc8 25. Ne6+ Kf7 26. Ng5+ Kg7 27. cxb5 axb5
28. Rxc8 Qxc8 29. Rc1 Qa8 30. Ne6+ Kf7 31. Ng5+ Kg7 32. Qb3 Qd5 33. Qxd5 1/2-1/2

[Event "e2e4 ch-IRL"]
[Site "Dublin IRL"]
[Date "2011.07.10"]
[Round "9"]
[White "McMahon, Daire"]
[Black "Short, Philip"]
[Result "1/2-1/2"]
[BlackTitle "FM"]
[WhiteElo "2196"]
[BlackElo "2293"]
[Plycount "102"]
[WhiteFideId "2500477"]
[BlackFideId "2500086"]
[EventDate "2011.07.02"]
[Source "TWIC 870"]

1. d4 Nf6 2. c4 g6 3. Nc3 Bg7 4. e4 d6 5. f4 c5 6. d5 O-O 7. Nf3 e6 8. Be2 exd5
9. exd5 Re8 10. O-O a6 11. a4 b6 12. Bd3 Bg4 13. Bd2 Nbd7 14. h3 Bxf3 15. Qxf3
Qc7 16. g4 Re7 17. Rae1 Rae8 18. Kh1 Qd8 19. Rxe7 Qxe7 20. Re1 Qd8 21. Rf1 Qe7
22. Kg2 h6 23. b3 Nf8 24. Re1 Qd8 25. Rf1 Qe7 26. Re1 Qd8 27. Ne2 N6d7 28. Rf1
Qf6 29. Rb1 g5 30. Ng3 Ng6 31. Bxg6 Qxg6 32. Nf5 gxf4 33. Bxf4 Ne5 34. Bxe5 Bxe5
35. Kh1 Qg5 36. Rf1 f6 37. Rd1 Kf7 38. h4 Qg6 39. Rg1 Kg8 40. Rf1 Kh7 41. Qd3
Kh8 42. Qf3 Rg8 43. Qe3 Kh7 44. h5 Qg5 45. Qxg5 Rxg5 46. Rg1 Rg8 47. Rg2 Rb8 48.
Ra2 Rg8 49. Rg2 Rb8 50. Ra2 Rg8 51. Rg2 Rb8 1/2-1/2

[Event "e2e4 ch-IRL"]
[Site "Dublin IRL"]
[Date "2011.07.10"]
[Round "9"]
[White "Daly, Colm"]
[Black "Redmond, John P."]
[Result "0-1"]
[WhiteTitle "FM"]
[WhiteElo "2305"]
[BlackElo "2190"]
[Plycount "116"]
[WhiteFideId "2500434"]
[BlackFideId "2500051"]
[EventDate "2011.07.02"]
[Source "TWIC 870"]

1. e4 e6 2. d4 d5 3. Nc3 Nc6 4. Nf3 Nf6 5. Bg5 Be7 6. e5 Ne4 7. Bxe7 Qxe7 8. a3
Nxc3 9. bxc3 Bd7 10. Qb1 Na5 11. Qb4 b6 12. Bd3 Nc6 13. Qb1 Na5 14. O-O c5 15.
Re1 Rc8 16. Qc1 cxd4 17. cxd4 Nb3 18. cxb3 Rxc1 19. Rexc1 O-O 20. Rc7 Rc8 21.
Rxa7 Qd8 22. a4 Rc3 23. Bb5 Bxb5 24. axb5 h6 25. g3 Qe8 26. Ra8 Rc8 27. Rxc8
Qxc8 28. Re1 Qe8 29. h4 Qxb5 30. Re3 Qc6 31. Kg2 Qc1 32. Re1 Qc2 33. Re3 Kf8 34.
g4 Ke7 35. Kg3 Kd7 36. Kg2 Kc6 37. Kg3 Kb5 38. Kg2 Kb4 39. Kg3 Qd1 40. Kg2 b5
41. Kg3 g6 42. Kg2 Qc2 43. Kg1 Qb1+ 44. Kg2 Qd1 45. Kg3 Qxb3 46. Rxb3+ Kxb3 47.
Ng5 b4 48. Nxf7 Ka4 49. h5 gxh5 50. Nxh6 b3 51. gxh5 b2 52. Ng4 b1=Q 53. Nf6 Qf5
54. f4 Kb3 55. h6 Qg6+ 56. Ng4 Kc3 57. Kf3 Kxd4 58. Kg3 Kc3 0-1

[Event "e2e4 ch-IRL"]
[Site "Dublin IRL"]
[Date "2011.07.10"]
[Round "9"]
[White "Jones, Iolo C"]
[Black "Prizant, Michael"]
[Result "1-0"]
[WhiteTitle "CM"]
[WhiteElo "2286"]
[BlackElo "2126"]
[Plycount "67"]
[WhiteFideId "1800094"]
[BlackFideId "413640"]
[EventDate "2011.07.02"]
[Source "TWIC 870"]

1. d4 d5 2. Nf3 Bf5 3. g3 h6 4. Bg2 Nf6 5. c4 e6 6. Nc3 c6 7. Qb3 Qb6 8. c5 Qxb3
9. axb3 Be7 10. b4 O-O 11. O-O Ne4 12. Nxe4 Bxe4 13. Nd2 Bxg2 14. Kxg2 Bf6 15.
Nb3 e5 16. Na5 b6 17. Nb3 Nd7 18. e3 exd4 19. exd4 Rfe8 20. Bd2 bxc5 21. bxc5
Nf8 22. Bc3 Ne6 23. Ra6 Rec8 24. Rfa1 Rc7 25. R1a4 Kf8 26. f4 g6 27. Kf3 Rb8 28.
Nc1 Ke8 29. Nd3 Ra8 30. Ke3 Kd7 31. Nb4 h5 32. Kd3 h4 33. Ra1 Nd8 34. Nxd5 1-0

[Event "e2e4 ch-IRL"]
[Site "Dublin IRL"]
[Date "2011.07.10"]
[Round "9"]
[White "Benson, Oisin P."]
[Black "O'Connell, Gerard"]
[Result "0-1"]
[WhiteElo "2003"]
[BlackElo "2142"]
[Plycount "104"]
[WhiteFideId "2501821"]
[BlackFideId "2500493"]
[EventDate "2011.07.02"]
[Source "TWIC 870"]

1. d4 Nf6 2. c4 g6 3. Nc3 d5 4. Bf4 Bg7 5. e3 c6 6. Nf3 O-O 7. Bd3 Nbd7 8. h3
dxc4 9. Bxc4 Nb6 10. Bd3 Nbd5 11. Bg3 Qa5 12. O-O Nxc3 13. Qe1 Bf5 14. Bxf5 gxf5
15. Qxc3 Qxc3 16. bxc3 Ne4 17. Bh4 f6 18. c4 Rfd8 19. Rfd1 Rd7 20. Rd3 Rad8 21.
Rad1 Kf7 22. a3 h5 23. Ne1 Bh6 24. f3 Nd6 25. Rc1 Ne8 26. Kf2 Rxd4 27. Rxd4 Rxd4
28. exd4 Bxc1 29. a4 Nd6 30. c5 Nc4 31. Ke2 Ne3 32. Bf2 Nd5 33. Kd3 e5 34. Kc2
Bh6 35. Kd3 Ke6 36. Kc4 e4 37. Bg3 Bd2 38. Kb3 Ne3 39. Bf2 Kd5 40. h4 Kxd4 41.
Nc2+ Kd3 42. Nxe3 Bxe3 43. Bxe3 Kxe3 44. fxe4 fxe4 45. g4 Kf4 46. gxh5 Kf5 47.
a5 a6 48. Kc3 Ke6 49. Kd4 f5 50. Ke3 Ke5 51. Kf2 f4 52. Ke2 Kf6 0-1

[Event "e2e4 ch-IRL"]
[Site "Dublin IRL"]
[Date "2011.07.10"]
[Round "9"]
[White "Fox, Anthony"]
[Black "Murray, David"]
[Result "1/2-1/2"]
[WhiteElo "2087"]
[BlackElo "2096"]
[Plycount "57"]
[WhiteFideId "2500736"]
[BlackFideId "2501511"]
[EventDate "2011.07.02"]
[Source "TWIC 870"]

1. e4 e5 2. Nf3 Nc6 3. Bb5 a6 4. Ba4 Nf6 5. O-O b5 6. Bb3 Bc5 7. c3 d6 8. d4 Bb6
9. h3 O-O 10. Re1 h6 11. Be3 Bb7 12. Nbd2 exd4 13. cxd4 Re8 14. Qb1 Qe7 15. e5
Nd7 16. Bxh6 Nf8 17. Be3 dxe5 18. dxe5 Bxe3 19. Rxe3 Rad8 20. Qf5 Ne6 21. Bxe6
Qxe6 22. Qh5 Qd5 23. Rae1 Re6 24. Ne4 Nxe5 25. Nfg5 Rg6 26. Rg3 Re8 27. Rd1 Qc6
28. Rc3 Qb6 29. Qh7+ 1/2-1/2

[Event "e2e4 ch-IRL"]
[Site "Dublin IRL"]
[Date "2011.07.10"]
[Round "9"]
[White "Cafolla, Peter"]
[Black "Doyle, Hugh"]
[Result "1/2-1/2"]
[WhiteElo "2053"]
[BlackElo "1909"]
[Plycount "131"]
[WhiteFideId "2500884"]
[BlackFideId "2500876"]
[EventDate "2011.07.02"]
[Source "TWIC 870"]

1. d4 d5 2. c4 e6 3. Nc3 Nf6 4. cxd5 exd5 5. Bg5 Nbd7 6. Qc2 Be7 7. e3 O-O 8.
Bd3 h6 9. Bh4 Nb6 10. Nge2 Bd7 11. O-O Ng4 12. Bxe7 Qxe7 13. h3 Nf6 14. Ng3 Rfe8
15. Rae1 Qd6 16. Nf5 Bxf5 17. Bxf5 c6 18. Rd1 Re7 19. Bd3 Rae8 20. Rb1 Ne4 21.
b4 f5 22. Ne2 g6 23. a4 Nd7 24. Rfc1 Ndf6 25. b5 Rc8 26. Qa2 Rcc7 27. bxc6 Rxc6
28. Rxc6 Qxc6 29. Rc1 Qd7 30. Nf4 Kg7 31. Bb5 Qd8 32. Qc2 Nd6 33. Bd3 Qa5 34.
Qc5 Qxc5 35. Rxc5 Nde4 36. Rc8 a6 37. Bb1 Rd7 38. Ba2 g5 39. Nd3 Nd6 40. Rc1 Kf8
41. f3 Nde8 42. Nc5 Re7 43. Kf2 b6 44. Nd3 Rc7 45. Rxc7 Nxc7 46. Nb4 Ke7 47. Bb1
Ke6 48. g4 fxg4 49. hxg4 b5 50. axb5 axb5 51. Bf5+ Ke7 52. e4 dxe4 53. fxe4 h5
54. gxh5 Nxh5 55. e5 Ng7 56. Bg4 Kf7 57. Ke3 Ke7 58. Ke4 Nge6 59. Nc6+ Ke8 60.
Bxe6 Nxe6 61. Kf5 Nc7 62. Nb4 Kd7 63. d5 g4 64. Kxg4 Nxd5 65. Nxd5 Ke6 66. Nc7+ 1/2-1/2

[Event "e2e4 ch-IRL"]
[Site "Dublin IRL"]
[Date "2011.07.10"]
[Round "9"]
[White "King, Melvyn"]
[Black "Reynolds, Pat"]
[Result "1-0"]
[WhiteElo "1980"]
[BlackElo "2043"]
[Plycount "67"]
[WhiteFideId "2503379"]
[BlackFideId "2501392"]
[EventDate "2011.07.02"]
[Source "TWIC 870"]

1. e4 c5 2. Nc3 Nc6 3. f4 g6 4. Nf3 Bg7 5. Bb5 Nd4 6. Bd3 d6 7. Nxd4 cxd4 8. Ne2
a6 9. c3 dxc3 10. dxc3 Nf6 11. Ng3 Qb6 12. Qe2 Bg4 13. Qf2 Qc7 14. O-O Bd7 15.
Kh1 Bc6 16. Bd2 b5 17. Rae1 O-O 18. Qe2 h5 19. e5 dxe5 20. fxe5 Ng4 21. Bf4 e6
22. h3 Nh6 23. Bxh6 Bxh6 24. Nxh5 f5 25. exf6 gxh5 26. Qxh5 Qg3 27. f7+ Kg7 28.
Be4 Bxe4 29. Rxe4 Qd3 30. Rg4+ Kh7 31. Rf6 Qd1+ 32. Kh2 Qd6+ 33. Rg3 Qd2 34.
Qg6+ 1-0

[Event "e2e4 ch-IRL"]
[Site "Dublin IRL"]
[Date "2011.07.10"]
[Round "9"]
[White "Loughran, John"]
[Black "Janusaitis, Mindaugas"]
[Result "0-1"]
[WhiteElo "1916"]
[BlackElo "1968"]
[Plycount "98"]
[WhiteFideId "2501562"]
[BlackFideId "12802530"]
[EventDate "2011.07.02"]
[Source "TWIC 870"]

1. d4 Nf6 2. c4 g6 3. g3 Bg7 4. Bg2 O-O 5. Nc3 d6 6. Nf3 Nbd7 7. O-O Re8 8. e4
e5 9. h3 exd4 10. Nxd4 Nc5 11. Re1 a5 12. Qc2 Nfxe4 13. Nxe4 Bxd4 14. Bg5 Qd7
15. Nf6+ Bxf6 16. Bxf6 Re6 17. Bc3 Qe8 18. b3 c6 19. Rad1 Rxe1+ 20. Rxe1 Be6 21.
Qd2 Qf8 22. Rd1 Rd8 23. Qd4 f6 24. Qxf6 Qxf6 25. Bxf6 Rd7 26. Bc3 a4 27. b4 Na6
28. b5 Bxc4 29. bxc6 bxc6 30. Bxc6 Rc7 31. Bxa4 Nc5 32. Bc2 d5 33. a3 Nb3 34.
Be5 Rc6 35. Bd3 Nc5 36. Bxc4 dxc4 37. Kf1 Kf7 38. Ke2 Ke6 39. Bc3 Nd3 40. Rb1
Ra6 41. Bb4 Kd5 42. f4 Kd4 43. Kd2 Nxb4 44. axb4 Ra2+ 45. Kc1 c3 46. b5 Kd3 47.
Rb3 Ra1+ 48. Rb1 Rxb1+ 49. Kxb1 Kd2 0-1

[Event "e2e4 ch-IRL"]
[Site "Dublin IRL"]
[Date "2011.07.10"]
[Round "9"]
[White "Twomey, Pat"]
[Black "Keogh, Eamon"]
[Result "0-1"]
[WhiteElo "1881"]
[BlackElo "2015"]
[Plycount "94"]
[WhiteFideId "2501937"]
[BlackFideId "2500264"]
[EventDate "2011.07.02"]
[Source "TWIC 870"]

1. c4 f5 2. Nc3 Nf6 3. d4 g6 4. f4 Bg7 5. Nf3 O-O 6. e3 b6 7. Bd3 Bb7 8. O-O e6
9. b3 Qe7 10. Qc2 Nc6 11. a3 d6 12. Bb2 e5 13. fxe5 dxe5 14. Nxe5 Nxe5 15. dxe5
Ng4 16. Nd5 Bxd5 17. cxd5 Nxe3 18. Qe2 Bxe5 19. Bxe5 Qxe5 20. Rae1 Rae8 21. Bc4
Qd4 22. Qf2 Re4 23. Rxe3 Qxe3 24. Qxe3 Rxe3 25. d6+ Kg7 26. d7 Rd8 27. Rd1 Re5
28. a4 Kf6 29. Rd3 Ke7 30. Bb5 Re6 31. Rc3 Rxd7 32. Bxd7 Kxd7 33. Kf2 c5 34. Kf3
Re4 35. h3 h5 36. Rd3+ Kc7 37. g3 c4 38. Rc3 Kc6 39. Rxc4+ Rxc4 40. bxc4 g5 41.
h4 gxh4 42. gxh4 Kd6 43. Kf4 Ke6 44. Kg5 Ke5 45. Kxh5 f4 46. Kg4 Ke4 47. h5 f3 0-1

[Event "FSFMB July"]
[Site "Budapest HUN"]
[Date "2011.07.02"]
[Round "1.1"]
[White "Alfier, Cecilia"]
[Black "Breen, Anthony"]
[Result "0-1"]
[WhiteElo "1654"]
[BlackElo "1663"]
[Plycount "64"]
[WhiteFideId "856711"]
[BlackFideId "2503174"]
[EventDate "2011.07.02"]
[Source "TWIC 870"]

1. e4 e6 2. d4 d5 3. Nc3 Bb4 4. Ne2 dxe4 5. a3 Bxc3+ 6. Nxc3 Nc6 7. Bb5 Ne7 8.
Nxe4 a6 9. Bxc6+ Nxc6 10. c3 Qd5 11. Ng3 h5 12. h4 Bd7 13. O-O Ne7 14. Re1 Ng6
15. Qc2 Nxh4 16. Qe4 Qxe4 17. Rxe4 Ng6 18. Bg5 f6 19. Bf4 O-O-O 20. Bd2 h4 21.
Ne2 h3 22. Rg4 Nh4 23. f3 g5 24. Kf2 hxg2 25. Be1 Bc6 26. Ng1 Rdg8 27. Ke2 f5
28. Rg3 f4 29. Rg4 Nf5 30. Rxg2 Ne3 31. Rf2 Rh1 32. Bd2 Bb5+ 0-1

[Event "FSFMB July"]
[Site "Budapest HUN"]
[Date "2011.07.03"]
[Round "2.1"]
[White "Breen, Anthony"]
[Black "Vasilev, Sergey"]
[Result "0-1"]
[WhiteElo "1663"]
[BlackElo "1421"]
[Plycount "95"]
[WhiteFideId "2503174"]
[BlackFideId "24149993"]
[EventDate "2011.07.02"]
[Source "TWIC 870"]

1. d4 b6 2. e4 Bb7 3. Bd3 g6 4. Nf3 Bg7 5. Be3 d6 6. c3 e6 7. Nbd2 Nd7 8. h4
Ngf6 9. Nf1 Nxe4 10. h5 Qe7 11. Qa4 a6 12. Rh4 d5 13. N1d2 Nd6 14. hxg6 hxg6 15.
Rxh8+ Bxh8 16. O-O-O b5 17. Qc2 O-O-O 18. Rh1 Nf5 19. Rh7 Nxe3 20. fxe3 Nf6 21.
Rh1 Ng4 22. Re1 Nf2 23. Bf1 f5 24. Nb3 Ne4 25. Na5 Bf6 26. a4 c6 27. Qb3 Qc7 28.
Nxb7 Kxb7 29. axb5 cxb5 30. Bd3 Rh8 31. Kc2 Nd6 32. Ra1 Nc4 33. Qa2 Qb6 34. Bxc4
dxc4 35. Rg1 Qd6 36. Qb1 g5 37. Qf1 Qg3 38. Qe2 g4 39. Nd2 Bg5 40. e4 Qe3 41.
Qxe3 Bxe3 42. Re1 f4 43. Nf1 Rh1 44. Kd1 Bf2 45. Ke2 Bxe1 46. Kxe1 a5 47. Kf2
Rxf1+ 48. Kxf1 0-1

[Event "FSFMB July"]
[Site "Budapest HUN"]
[Date "2011.07.04"]
[Round "3.1"]
[White "Zsembery, Aron"]
[Black "Breen, Anthony"]
[Result "1-0"]
[WhiteElo "1856"]
[BlackElo "1663"]
[Plycount "59"]
[WhiteFideId "708984"]
[BlackFideId "2503174"]
[EventDate "2011.07.02"]
[Source "TWIC 870"]

1. e4 e6 2. d4 d5 3. e5 c5 4. c3 Nc6 5. Nf3 Bd7 6. a3 Nge7 7. b4 cxd4 8. cxd4
Nf5 9. Nc3 Rc8 10. Bb2 Be7 11. Be2 O-O 12. O-O f6 13. Qd2 fxe5 14. dxe5 Nh4 15.
Rfe1 Nxf3+ 16. Bxf3 Bg5 17. Qd3 Be8 18. Bg4 Bf7 19. Qh3 Qe8 20. Bc1 Bxc1 21.
Raxc1 Rd8 22. Nb5 h5 23. Bf3 Nxe5 24. Rxe5 Qxb5 25. Bxh5 Qe8 26. Bg4 Rd6 27.
Rce1 d4 28. Bxe6 d3 29. Bf5 d2 30. Qh7# 1-0

[Event "FSFMB July"]
[Site "Budapest HUN"]
[Date "2011.07.05"]
[Round "4.1"]
[White "Breen, Anthony"]
[Black "Balla, Attila"]
[Result "1-0"]
[WhiteElo "1663"]
[BlackElo "1722"]
[Plycount "39"]
[WhiteFideId "2503174"]
[BlackFideId "712612"]
[EventDate "2011.07.02"]
[Source "TWIC 870"]

1. d4 d5 2. Nf3 Nf6 3. e3 e6 4. Bd3 c5 5. b3 Nbd7 6. O-O Bd6 7. Bb2 O-O 8. Ne5
Qc7 9. f4 cxd4 10. exd4 b6 11. Nd2 Bb7 12. Qe2 Rac8 13. Rac1 Kh8 14. Rf3 Nh5 15.
Rh3 Nxf4 16. Rxh7+ Kg8 17. Qg4 Bxe5 18. Rh8+ Kxh8 19. Qh4+ Kg8 20. Qh7# 1-0

[Event "FSFMB July"]
[Site "Budapest HUN"]
[Date "2011.07.08"]
[Round "6.1"]
[White "Breen, Anthony"]
[Black "Alfier, Cecilia"]
[Result "0-1"]
[WhiteElo "1663"]
[BlackElo "1654"]
[Plycount "106"]
[WhiteFideId "2503174"]
[BlackFideId "856711"]
[EventDate "2011.07.02"]
[Source "TWIC 870"]

1. d4 d5 2. Nf3 e6 3. e3 Nf6 4. Bd3 c5 5. b3 Nc6 6. Nbd2 Be7 7. Bb2 O-O 8. a3 a6
9. Ne5 Qc7 10. g4 Nd7 11. Nxd7 Bxd7 12. Qf3 e5 13. dxe5 Nxe5 14. Bxe5 Qxe5 15.
Rb1 f5 16. Qh3 g6 17. f4 fxg4 18. Qg3 Qh5 19. Ke2 Bh4 20. Qg2 Rae8 21. Rbf1 g3+
22. Nf3 gxh2 23. Qxh2 Bf6 24. Qxh5 gxh5 25. Rxh5 Re7 26. Rg1+ Kh8 27. Rh6 Bc3
28. Ne5 Bxe5 29. fxe5 Bf5 30. Rh5 Bxd3+ 31. cxd3 b5 32. e6 Rxe6 33. Rxd5 Rc6 34.
Rgg5 c4 35. bxc4 bxc4 36. dxc4 Rxc4 37. Rc5 Rxc5 38. Rxc5 Rf6 39. Kd3 Kg7 40. a4
Kg6 41. e4 h5 42. e5 Re6 43. Ke4 Kg5 44. Kd5 Kf5 45. Kd4 h4 46. a5 h3 47. Ke3
Rxe5+ 48. Rxe5+ Kxe5 49. Kf3 Kd5 50. Kg3 Kc5 51. Kxh3 Kb5 52. Kg3 Kxa5 53. Kf3
Kb4 0-1

[Event "XXXIV Open"]
[Site "Barbera del Valles ESP"]
[Date "2011.07.10"]
[Round "7"]
[White "Ryan, Joe"]
[Black "Asis Gargatagli, Hipolito"]
[Result "1/2-1/2"]
[WhiteTitle "FM"]
[BlackTitle "IM"]
[WhiteElo "2267"]
[BlackElo "2431"]
[Plycount "97"]
[WhiteFideId "2500426"]
[BlackFideId "2260735"]
[EventDate "2011.07.04"]
[Source "TWIC 871"]

1. e4 c5 2. Nc3 d6 3. f4 g6 4. Nf3 Bg7 5. Bb5+ Bd7 6. Bc4 Nc6 7. O-O Na5 8. Be2
Nf6 9. d3 Nc6 10. Qe1 Nd4 11. Bd1 Bc6 12. Nxd4 cxd4 13. Ne2 Qb6 14. Kh1 e6 15.
c3 dxc3 16. Nxc3 O-O 17. Qh4 Rae8 18. Bb3 d5 19. f5 exf5 20. Bg5 Qd4 21. exf5
Qxh4 22. Bxh4 d4 23. fxg6 hxg6 24. Bxf6 dxc3 25. Bxg7 Kxg7 26. Rf2 cxb2 27. Rxb2
Re3 28. Rd1 Rd8 29. Rbd2 Rd4 30. Kg1 f5 31. Kf2 f4 32. Bc2 Kf6 33. Re1 Rxe1 34.
Kxe1 g5 35. h3 Rd8 36. d4 Bd5 37. Bb3 Re8+ 38. Kf2 Bxb3 39. axb3 Re3 40. d5 Ke7
41. d6+ Kd7 42. b4 Re4 43. Rd5 Rxb4 44. Rxg5 Kxd6 45. h4 Ke7 46. h5 Rb6 47. Kf3
Rf6 48. Rg7+ Kf8 49. Rxb7 1/2-1/2